La cultura hispano-italiana de los jesuitas expulsos : españoles, hispanoamericanos, filipinos: 1767-1814 /
Estudio histórico cultural sobre la trayectoria, obra e influencia de los jeuitas expulsos de España durante el siglo XVIII y radicados, la mayoría, en Italia. Aquí resaltan nombres tales como Arteaga, Hervás, Masdeu y Andrés sobresalientes en estética, filología, historia general e historia literar...
Guardat en:
| Autor principal: | |
|---|---|
| Format: | Llibre |
| Idioma: | espanyol |
| Publicat: |
Madrid, España :
Gredos,
1966, c1966
|
| Col·lecció: | (Biblioteca Románica Hispánica. Estudios y Ensayos ;
98) |
| Matèries: | |
| Etiquetes: |
Sense etiquetes, Sigues el primer a etiquetar aquest registre!
|
MARC
| LEADER | 00000nam^a2200000^a^4500 | ||
|---|---|---|---|
| 001 | 000156663 | ||
| 005 | 20250521000000.0 | ||
| 009 | 20260310100511.559 | ||
| 037 | |a Acervo ITESO - Biblioteca | ||
| 041 | |a ESP | ||
| 082 | |a 255. 53 |b BAT | ||
| 100 | |a Batllori, Miguel |e (autor) | ||
| 245 | 1 | 3 | |a La cultura hispano-italiana de los jesuitas expulsos : |b españoles, hispanoamericanos, filipinos: 1767-1814 / |c M. Batllori. |
| 264 | 4 | |a Madrid, España : |b Gredos, |c 1966, c1966 | |
| 300 | |a 698 p. | ||
| 336 | |a texto |b txt |2 rdacontenido | ||
| 337 | |a sin mediación |b n |2 rdamedio | ||
| 338 | |a volumen |b nc |2 rdasoporte | ||
| 440 | 1 | |a (Biblioteca Románica Hispánica. |p Estudios y Ensayos ; |v 98) | |
| 520 | |a Estudio histórico cultural sobre la trayectoria, obra e influencia de los jeuitas expulsos de España durante el siglo XVIII y radicados, la mayoría, en Italia. Aquí resaltan nombres tales como Arteaga, Hervás, Masdeu y Andrés sobresalientes en estética, filología, historia general e historia literaria respectivamente, entre otros prominentes hombres de ciencia y letras de la Compañía de Jesús, quienes colaboraron en la creación de la cultura hispano-italiana. También se mencionan a jesuitas destacados venidos al destierro procedentes de Latinoamérica y Filipinas. | ||
| 649 | |a XX | ||
| 650 | |a Jesuitas - |x Biografías | ||
| 650 | |a Religiosos Españoles - |x Biografías | ||
| 650 | |a Religiosos Latinoamericanos - |x Biografías | ||
| 650 | |a Religiosos Filipinos - |x Biografías | ||
| 650 | |a Jesuitas en Italia - |x Historia - |y Siglo XVIII - |x Tema Principal | ||
| 650 | |a Monasticismo y Ordenes Religiosas - |z Italia - |x Historia - |y Siglo XVIII | ||
| 650 | |a Catolicismo | ||
| 650 | |a Cristianismo | ||
| 650 | |a Religión | ||
| 650 | |a Ilustración (Filosofía) - |z Italia | ||
| 650 | |a Enciclopedia | ||
| 650 | |a Humanismo - |z Italia - |x Historia - |y Siglo XVIII | ||
| 650 | |a Humanismo - |z España - |x Historia - |y Siglo XVIII | ||
| 650 | |a Humanismo - |z América - |x Historia - |y Siglo XVIII | ||
| 650 | |a Humanismo - |z Filipinas | ||
| 650 | |a Aculturación | ||
| 650 | |a Estética - |z Italia - |x Historia - |y Siglo XVIII | ||
| 650 | |a Estética - |z España - |x Historia - |y Siglo XVIII | ||
| 650 | |a Filología - |y Italia - |x Historia - |y Siglo XVIII | ||
| 650 | |a Filología - |y España - |x Historia - |y Siglo XVIII | ||
| 650 | |a Relaciones Interculturales - |z España-Italia - |y Historia - |y Siglo XVIII | ||
| 650 | |a España - |x Historia - |y Carlos III, 1759-1788 | ||
| 650 | |a España - |x Historia - |y Borbones, 1700-1931 | ||
| 650 | |a España - |x Historia - |y Siglo XVIII | ||
| 650 | |a Italia - |x Historia - |y 1713-1796 | ||
| 650 | |a Italia - |x Historia - |y Dominación Napoleónica, 1796-1814 | ||
| 650 | |a Italia - |x Historia - |y Siglo XVIII | ||
| 650 | |a América - |x Historia - |y Siglo XVIII | ||
| 650 | |a Filipinas - |x Historia - |y Siglo XVIII | ||
| 910 | |a Fondo Salvador Reynoso Reynoso | ||
| 920 | |a Impresos - Libros | ||
| 930 | |a Fondos Especiales | ||
| 905 | |a 112 | ||
| 901 | |a 0800016209 |b IT2 |c ESP |u 20250521 | ||
| 902 | |a https://opac.biblio.iteso.mx/vufind/Record/000156663 | ||